| 000 | 00623nam a22001937a 4500 | ||
|---|---|---|---|
| 003 | KOHA_MİRAKIL | ||
| 005 | 20260415070900.0 | ||
| 008 | 260415b tu ||||| |||| 00| 0 tur d | ||
| 040 |
_aTR-AnABB _btur _cTR-AnABB |
||
| 041 | _atur | ||
| 082 |
_a338.9 _bTHE 1984 |
||
| 245 | 0 | 4 |
_aThe role of small cities in regional development / _cEditor: Om Prakash Mathur |
| 260 |
_aNagoya : _bUnited Nations Centre for Regional Development, _c1984 |
||
| 300 |
_a198 sayfa ; _c24 cm |
||
| 650 | 0 | 4 | _aEkonomik politika |
| 650 | 0 | 4 | _aBölgesel kalkınma |
| 700 | 1 |
_aMathur, Om Prakash, _eeditör _93443 |
|
| 942 |
_2ddc _cBK |
||
| 999 |
_c10241 _d10241 |
||
| 900 | _bCan ÇELIK | ||